000 01037cam a22003257a 4500
003 CHAP
005 20220329141935.0
008 980825d1993 mx r 00110 spa d
010 _a75988
011 _a76960
020 _a9686964495
035 _a86555
040 _cCHAP
082 0 4 _a657.3
_bZ3
100 0 0 _aZamora García, Enrique.
_9123515
245 1 3 _aEl equilibrio financiero de las empresas
_c/por Enrique Zamora García
260 _aMéxico, D. F. :
_bInstituto Mexicano de Contadores Públicos,
_c1993.
300 _a229 p.
590 _aBATCH-UPD
_b10
_c20130110
_lUCH01
_h0542
590 _aBATCH-UPD
_b10
_c20130410
_lUCH01
_h0222
590 _aBATCH-UPD
_b10
_c20130914
_lUCH01
_h1311
590 _aCONVERSION
_b10
_c20130109
_lUCH01
_h1342
650 1 4 _aEntorno económico.
_937161
650 1 4 _aEstados financieros.
_938269
650 1 4 _aFinanzas.
_940930
901 _aBK
905 _aLilia Sánchez G.
942 _cLIBRO
949 _a657.3 Z3
_bBC
_cLIBRO
_d33724000700795
_eLIBRO
_gI. c/e
_h93664
_i86555
_si
_t$75.00
999 _c75988
_d75988